| 000 | 00312 a2200121 4500 | ||
|---|---|---|---|
| 001 | 64400 | ||
| 082 | _a519.20246222 JOH | ||
| 090 |
_c38029 _d38029 |
||
| 100 | _aJohnson | ||
| 245 |
_aProbability and Statistics for Engineers _hEnglish |
||
| 260 |
_aNew Delhi _bPearson Edu. _c2006 |
||
| 300 | _axii, 646p. | ||
| 942 |
_aCAE NUST _k519.20246222 JOH |
||
| 999 |
_c299473 _d299473 |
||